000 00680nam a2200205Ii 4500
003 JO-AjNU
008 230605s9999||||xx |||||||||||||| ||und||
017 _a1972/5855
040 _aJO-AjNU
_bara
_erda
_cJO-AjNU
041 _aara
050 1 4 _aQC6 1996
100 3 _aهايزنبرغ ، فيرنر,
_eauthor
_918838
245 0 0 _aالفيزيقا الذرية الحديثه الطبيعة والبحث العلمي
264 3 1 _aالقاهرة:دار النهضة العربيه ، 1996
300 _a126ص
336 _atext
_btxt
_2rdacontent
337 _aunmediated
_bn
_2rdamedia
338 _avolume
_bnc
_2rdacarrier
650 4 _aالفيزياء الذرية
_918839
999 _aA6100
_c9668
_d9668